000 00440nam a2200181Ia 4500
001 16154
005 20260306170248.0
008 260306t2016||||xx |||||||||||||| ||und||
041 _aESP
082 _a347
_bH94 T. 15
100 _aHundskopf E., Oswaldo
_eAUT
245 0 _aDerecho comercial:
_btemas societarios
260 _c2016
300 _a369 páginas :
_c24 cm.
650 _aGEN
654 _aCAN
942 _cLIB
_dJUS
_fJUS
_2ddc
_n
999 _c16154
_d16154